| 000 | 00609nam a2200193 a 4500 | ||
|---|---|---|---|
| 005 | 20250311063802.0 | ||
| 008 | 040427s2002 mx r 000 0 spa d | ||
| 020 | _a9702402824 | ||
| 035 | _aUPN01000133151 | ||
| 049 | _aCG | ||
| 050 | 4 |
_aHF54.5 _bC6.6 |
|
| 245 | 0 | 1 |
_a.com probado : _bexperiencias de empresas exitosas de internet en México / _ccomps. Octavio Islas Carmona ... [et al.]. |
| 260 |
_aMéxico : _bCECSA, _c2002. |
||
| 300 | _a269 p. | ||
| 650 | 4 |
_aSERVICIOS DE INFORMACION EN NEGOCIOS _95049 |
|
| 650 | 4 |
_aInternet _9547 |
|
| 700 | 1 |
_aIslas Carmona, Octavio, _ecomp. _934669 |
|
| 905 | _aLibro | ||
| 999 |
_c105303 _d105303 |
||